00395nam a2200145Ia 4500008004100000020001800041041000800059082001500067100002100082245004200103250000600145260004800151300001300199650003700212210716s2011 xx 000 0 und d a9780521263306 aeng a338.8 VOGH aVogel, Harold L. aFinancial market bubbles and crashes. a1 aNew DelhibCambridge University Pressc2011 axxvi,358 aFinancial Institutions & Markets